Word Ladder: Old Glory Quiz Stats

 Plays Quiz Updated Jul 10, 2018

Score 0/27 Timer 04:00
3 Plays Today
Clue Word % Correct
Unable to seeBLIND
97.5%
★ A color on the US flag ★★ WHITE ★
97.4%
★ A color on the US flag ★★ RED ★
97.1%
★ Not new ★★ OLD ★
96.6%
★ A color on the US flag ★★ BLUE ★
96.5%
Create a sumADD
96%
Furniture used for sleepBED
95.4%
TastelessBLAND
94.6%
Offer a price at auctionBID
94.6%
1, 3, 5, 7 ...ODD
94.4%
To help or supportAID
94.3%
★ Slang term for $1000 ★★ GRAND ★
94.3%
Put to paper; correspondWRITE
94%
★ A country's banner ★★ FLAG ★
94%
Clue Word % Correct
Pituitary, e.g.GLAND
93.4%
Children's toy: Lite-___BRITE
89.6%
Be unwellAIL
88.1%
Hit with a whipFLOG
86.6%
'Family Circus' cartoonist KeaneBIL
86.3%
Salty waterBRINE
86.1%
Slimy-trail creatureSLUG
84%
Section of the NYC Subway B LINE
83.3%
Turn sharplySLUE
80.5%
Stony waste from smeltingSLAG
78.8%
Tear by catching on a nailSNAG
78%
Plod against difficultySLOG
77.2%
Kiss (UK)SNOG
75.8%

Today's Daily Dose

You're not logged in!

Compare scores with friends on all Sporcle quizzes.
OR
Log In

Sporcle TV

Today on Sporcle TV


Watch our educational content, quiz creation guides, and fun videos on Sporcle TV.

Show Comments

Extras

Top Quizzes Today


Score Distribution

Your Account Isn't Verified!

In order to create a playlist on Sporcle, you need to verify the email address you used during registration. Go to your Sporcle Settings to finish the process.

Report this User

Report this user for behavior that violates our Community Guidelines.

Details: